Infección en cirugia / (Registro nro. 23109)

Detalles MARC
000 -LEADER
fixed length control field 01691nam a2200361 4500
001 - CONTROL NUMBER
control field 0000024430
003 - CONTROL NUMBER IDENTIFIER
control field CO-CtgCURN
005 - DATE AND TIME OF LATEST TRANSACTION
control field 20250331185221.0
007 - PHYSICAL DESCRIPTION FIXED FIELD--GENERAL INFORMATION
fixed length control field ta
008 - FIXED-LENGTH DATA ELEMENTS--GENERAL INFORMATION
fixed length control field 160628s2001 000 0 eng d
020 ## - INTERNATIONAL STANDARD BOOK NUMBER
International Standard Book Number 9589181562
040 ## - CATALOGING SOURCE
Original cataloging agency CO-CtgCURN
Language of cataloging spa
Transcribing agency coctgcurn
082 0# - DEWEY DECIMAL CLASSIFICATION NUMBER
Classification number 617
Item number Q457
100 1# - MAIN ENTRY--PERSONAL NAME
Personal name Quintero, Gustavo A.
245 10 - TITLE STATEMENT
Title Infección en cirugia /
Statement of responsibility, etc. Gustavo A. Quintero, Julio Alberto Nieto, Carlos H. Lerma.
260 ## - PUBLICATION, DISTRIBUTION, ETC.
Place of publication, distribution, etc. Bogotá :
Name of publisher, distributor, etc. Medica Panamericana,
Date of publication, distribution, etc. 2001.
300 ## - PHYSICAL DESCRIPTION
Extent 352 p :
Other physical details il., lams.
336 ## - CONTENT TYPE
Source rdacontent
337 ## - MEDIA TYPE
Source rdamedia
Media type term sin mediacion
Media type code n
338 ## - CARRIER TYPE
Source rdacarrier
Carrier type term volumen
Carrier type code nc
505 8# - FORMATTED CONTENTS NOTE
Formatted contents note Biología de la infección.--Microbiología quirurgica.--Asepsia y antisepsia.--Antisepticos y desinfectantes.--Terapia antimicrobiana.--Resistencia bacteriana.--Resistencia a glicopeptidos en Gram positivos.--Profilaxis antibiotica.--Antibioticos topicos.--Descontaminacion selectiva digestiva.--Epidemiología y control de la infección nosocomial.--Infección del sitio operatorio.--Neumona nosocomial.--Infecciones necrotizantes de la piel y de los tejidos blandos.--Pie diabetico
650 14 - SUBJECT ADDED ENTRY--TOPICAL TERM
Topical term or geographic name entry element Cirugia
Form subdivision Tratamiento operatorio.
700 1# - ADDED ENTRY--PERSONAL NAME
Personal name Nieto, Julio Alberto.
700 1# - ADDED ENTRY--PERSONAL NAME
Personal name Lerma, Carlos H.
908 ## - PUT COMMAND PARAMETER (RLIN)
Put command parameter 160627
942 ## - ADDED ENTRY ELEMENTS (KOHA)
Koha item type Libros
Classification part 617
Item part Q457
Source of classification or shelving scheme Dewey Decimal Classification
Existencias
Withdrawn status Lost status Source of classification or shelving scheme Damaged status Not for loan Collection Home library Current library Shelving location Date acquired Inventory number Total checkouts Full call number Barcode Date last seen Copy number Price effective from Koha item type Public note
    Dewey Decimal Classification     General Miguel Henríquez Emiliani Miguel Henríquez Emiliani General 03/31/2025 009502   617 Q457 009502 03/31/2025 ej.1 03/31/2025 Libros 610-CIENME
    Dewey Decimal Classification     General Miguel Henríquez Emiliani Miguel Henríquez Emiliani General 03/31/2025 009503   617 Q457 009503 03/31/2025 ej.2 03/31/2025 Libros 610-CIENME
    Dewey Decimal Classification     General Miguel Henríquez Emiliani Miguel Henríquez Emiliani General 03/31/2025 009504   617 Q457 009504 03/31/2025 ej.3 03/31/2025 Libros 610-CIENME
    Dewey Decimal Classification     General Miguel Henríquez Emiliani Miguel Henríquez Emiliani General 03/31/2025 009505   617 Q457 009505 03/31/2025 ej.4 03/31/2025 Libros 610-CIENME
    Dewey Decimal Classification     General Miguel Henríquez Emiliani Miguel Henríquez Emiliani General 03/31/2025 009506   617 Q457 009506 03/31/2025 ej.5 03/31/2025 Libros 610-CIENME
    Dewey Decimal Classification     General Miguel Henríquez Emiliani Miguel Henríquez Emiliani General 03/31/2025 009507   617 Q457 009507 03/31/2025 ej.6 03/31/2025 Libros 610-CIENME